| 000 | 01023cam a22002891 4500 | ||
|---|---|---|---|
| 001 | sa 67000415 | ||
| 003 | DLC | ||
| 005 | 20260227112314.0 | ||
| 008 | 860314s1965 xx c b 000 0 eng | ||
| 010 | _asa 67000415 | ||
| 025 | _aPL480:I-E-6364 | ||
| 035 | _a(OCoLC)13296090 | ||
| 040 |
_aDLC _cNBuU _dDLC |
||
| 041 | 0 | _aengtam | |
| 042 | _apremarc | ||
| 050 | 0 | 0 |
_aBL1175.N26 _bB3 |
| 082 | _a181.4 | ||
| 100 | 1 |
_aBalasubramaniam, K. M., _d1908- |
|
| 245 | 1 | 4 |
_aThe life of J. M. Nallaswami Pillai; _bthe centenary memorial to a champion of Saiva siddhanta, _cby K. M. Balasubramaniam. With a foreword by Suddhananda Bharatiar. |
| 260 |
_a[Annamalainagar?] _bJ. M. Somasundaram Pillai, _c1965. |
||
| 300 |
_axiii, 152 p. _bports. _c22 cm. |
||
| 500 | _aEnglish or Tamil. | ||
| 500 | _a"Chronological list of J. M. N. Pillai's writings": p. [150] | ||
| 504 | _aBibliographical footnotes. | ||
| 600 | 2 | 0 |
_aNallaswami Pillai, J. M., _d1864-1920. |
| 740 | 4 | _aThe centenary memorial to a champion of Saiva siddhanta. | |
| 999 |
_c71973 _d71973 |
||